000 00211nam a22001097a 4500
041 _aENG
245 _aBIomathematics
260 _aLondon
_bCharles Griffin
_c1969
300 _a682
650 _a48
856 _u48
999 _c3100
_d3100